000 00608cam a22002053a 4500
001 41197
003 PGUSA
005 20140828083928.0
008 121027s2012||||xxu|||||s|||||000 | eng d
040 _aPGUSA
_beng
042 _adc
100 1 _aKant, Immanuel,
_d1724-1804
245 1 0 _aBeobachtungen über das Gefühl des Schönen und Erhabenen
_h[electronic resource] /
_cImmanuel Kant
260 _bProject Gutenberg,
_c2012
506 _aPublic domain in the USA.
516 _aElectronic text
830 0 _aProject Gutenberg
_v41197
856 4 0 _uhttp://www.gutenberg.org/ebooks/41197
942 _cEB
999 _c270449
_d270449